[Event "Junior Online 4NCL Division 4"]
[Site "online"]
[Date "2022.03.03"]
[EventDate "2022.03.03"]
[Round "4.102"]
[White "Naren, Riya"]
[WhiteElo "614"]
[WhiteTeam "Watford D"]
[Black "Phillips, Thomas"]
[BlackElo "944"]
[BlackTeam "Brentwood School C"]
[Result "0-1"]
[PlyCount "36"]

1. e4 e5 2. Nf3 Nc6 3. Bc4 Bc5 4. Nc3 Nf6 5. d3 Nd4 6. Bg5 Nxf3+ 7. Qxf3 O-O 8. O-O d6 9. Rad1 h6 10. Bh4 Bg4 11. h3 Bxf3 12. gxf3 Qd7 13. Rfe1 Qxh3 14. Bxf6 gxf6 15. Bd5 Qh4 16. Bxb7 Bxf2+ 17. Kf1 Bxe1 18. Bxa8 Qf2# 0-1

[Event "Junior Online 4NCL Division 4"]
[Site "online"]
[Date "2022.03.03"]
[EventDate "2022.03.03"]
[Round "4.105"]
[White "Balakrishnan, Akshata"]
[WhiteElo "792"]
[WhiteTeam "Watford D"]
[Black "Glover, Riley"]
[BlackElo "1050"]
[BlackTeam "Brentwood School C"]
[Result "0-1"]
[PlyCount "82"]

1. e4 d6 2. d4 e6 3. Nf3 Nf6 4. Nc3 Nc6 5. Bc4 Be7 6. O-O Bd7 7. Bg5 h6 8. Bh4 O-O 9. e5 dxe5 10. dxe5 Ng4 11. Bxe7 Qxe7 12. h3 Ngxe5 13. Nxe5 Nxe5 14. Bb3 Rad8 15. Qe2 Ng6 16. Rad1 Bc6 17. Rxd8 Rxd8 18. Re1 Nh4 19. g3 Ng2 20. Rf1 Qf6 21. Bc4 Bf3 22. Qe3 Nxe3 23. fxe3 Rd2 24. Nb5 Rg2+ 25. Kh1 Rxg3+ 26. Kh2 Rg2+ 27. Kh1 Qh4 28. Rxf3 Qe1+ 29. Kxg2 Qd2+ 30. Rf2 Qxe3 31. Nxc7 g5 32. Re2 Qc5 33. Bb3 Qxc7 34. Rd2 Qf4 35. Kg1 Qxd2 36. a4 h5 37. a5 g4 38. c4 gxh3 39. c5 h2+ 40. Kh1 Qf2 41. Bc4 Qg1# 0-1

[Event "Junior Online 4NCL Division 4"]
[Site "online"]
[Date "2022.03.03"]
[EventDate "2022.03.03"]
[Round "4.106"]
[White "Phillips, Thomas"]
[WhiteElo "944"]
[WhiteTeam "Brentwood School C"]
[Black "Naren, Riya"]
[BlackElo "614"]
[BlackTeam "Watford D"]
[Result "1-0"]
[PlyCount "37"]

1. e4 e5 2. Nf3 Nc6 3. Bc4 Bc5 4. d3 Nf6 5. Ng5 Qe7 6. Nxf7 O-O 7. Nxe5+ Kh8 8. Nf7+ Kg8 9. Qh5 d6 10. Ng5+ Kh8 11. e5 dxe5 12. Qh4 Bf5 13. Nc3 Rfd8 14. Nce4 Nxe4 15. dxe4 Bg6 16. Be3 Rac8 17. Bxc5 Qxc5 18. Bf7 Bxf7 19. Qxh7# 1-0

[Event "Junior Online 4NCL Division 4"]
[Site "online"]
[Date "2022.03.03"]
[EventDate "2022.03.03"]
[Round "4.121"]
[White "Hamid, Yusuf"]
[WhiteElo "1200"]
[WhiteTeam "Uxbridge D"]
[Black "Tchernitser, David"]
[BlackElo "825"]
[BlackTeam "Edgware Gambits I"]
[Result "1-0"]
[PlyCount "35"]

1. e4 e5 2. Nc3 Nf6 3. f4 Bb4 4. fxe5 Nxe4 5. Nxe4 Qg5 6. Nxg5 f6 7. exf6 gxf6 8. Qe2+ Kf8 9. Qc4 fxg5 10. Qxb4+ Ke8 11. Be2 d5 12. Bh5+ Kd7 13. Nh3 b5 14. Qxb5+ Kd8 15. d4 Ba6 16. Bxg5+ Kc8 17. Bg4+ Nd7 18. Bxd7# 1-0

[Event "Junior Online 4NCL Division 4"]
[Site "online"]
[Date "2022.03.03"]
[EventDate "2022.03.03"]
[Round "4.122"]
[White "Szajman, Benjamin"]
[WhiteElo "790"]
[WhiteTeam "Edgware Gambits I"]
[Black "Mathew, Aidan"]
[BlackElo "1154"]
[BlackTeam "Uxbridge D"]
[Result "0-1"]
[PlyCount "26"]

1. e4 e5 2. Nf3 Nc6 3. Nc3 Nf6 4. Bb5 Bc5 5. O-O d6 6. d3 Be6 7. Bg5 Qe7 8. Bxc6+ bxc6 9. Bxf6 Qxf6 10. Na4 Qg6 11. Nxc5 dxc5 12. Qd2 Bh3 13. Rfb1 Qxg2# 0-1

[Event "Junior Online 4NCL Division 4"]
[Site "online"]
[Date "2022.03.03"]
[EventDate "2022.03.03"]
[Round "4.123"]
[White "Sharma, Aryan"]
[WhiteElo "1140"]
[WhiteTeam "Uxbridge D"]
[Black "Iyer, Pranav"]
[BlackElo "700"]
[BlackTeam "Edgware Gambits I"]
[Result "0-1"]
[PlyCount "60"]

1. e4 e5 2. Nf3 Nc6 3. Bb5 a6 4. Ba4 b6 5. Nc3 Bb7 6. O-O b5 7. Bb3 Bc5 8. Nxe5 Nxe5 9. d4 Bxd4 10. Qxd4 Nc6 11. Qxg7 Qf6 12. Bxf7+ Qxf7 13. Qxh8 O-O-O 14. Bg5 Re8 15. Nd5 Nge7 16. Nxe7+ Nxe7 17. Qd4 Qg6 18. Bxe7 Rxe7 19. f3 Rg7 20. g4 h5 21. Qf2 hxg4 22. Qg3 Qb6+ 23. Qf2 gxf3+ 24. Kh1 Qg6 25. Rg1 Qf6 26. Rxg7 Qxg7 27. Rg1 Qf8 28. Qxf3 Qxf3+ 29. Rg2 Bxe4 30. Kg1 Qxg2# 0-1

[Event "Junior Online 4NCL Division 4"]
[Site "online"]
[Date "2022.03.03"]
[EventDate "2022.03.03"]
[Round "4.124"]
[White "Iyer, Rishabh"]
[WhiteElo "700"]
[WhiteTeam "Edgware Gambits I"]
[Black "Pandian, Naren"]
[BlackElo "1003"]
[BlackTeam "Uxbridge D"]
[Result "1-0"]
[PlyCount "69"]

1. e4 e5 2. d4 f6 3. Nf3 Nc6 4. Be3 a5 5. c3 a4 6. Bc4 Nge7 7. Nbd2 Na5 8. O-O Nxc4 9. Nxc4 exd4 10. Bxd4 b5 11. Na3 Nc6 12. Nxb5 Nxd4 13. Nbxd4 Bc5 14. Rc1 a3 15. b3 Bxd4 16. cxd4 Ba6 17. Re1 Bb5 18. Nd2 O-O 19. Nb1 Qe7 20. Nc3 Bc6 21. d5 Bb7 22. Nb5 c6 23. Nc7 Ra5 24. dxc6 dxc6 25. Qc2 Qxc7 26. Qc3 c5 27. Qc4+ Kh8 28. b4 Ba6 29. Qc3 Rb5 30. Qxa3 Bb7 31. Rc4 Ra8 32. Qb3 Rxb4 33. Rxb4 cxb4 34. Qxb4 Rxa2 35. Qf8# 1-0

[Event "Junior Online 4NCL Division 4"]
[Site "online"]
[Date "2022.03.03"]
[EventDate "2022.03.03"]
[Round "4.125"]
[White "Tchernitser, David"]
[WhiteElo "825"]
[WhiteTeam "Edgware Gambits I"]
[Black "Hamid, Yusuf"]
[BlackElo "1200"]
[BlackTeam "Uxbridge D"]
[Result "0-1"]
[PlyCount "36"]

1. e4 d5 2. d3 dxe4 3. dxe4 Qxd1+ 4. Kxd1 Nc6 5. Bb5 Bd7 6. Nf3 O-O-O 7. Bf4 Bh3+ 8. Ke2 Bxg2 9. Rg1 Bxf3+ 10. Kxf3 Nd4+ 11. Kg4 h5+ 12. Kg3 Nxb5 13. Rc1 e5 14. Bxe5 Bd6 15. Bxd6 Rxd6 16. e5 Rg6+ 17. Kf4 Rg4+ 18. Kf5 g6# 0-1

[Event "Junior Online 4NCL Division 4"]
[Site "online"]
[Date "2022.03.03"]
[EventDate "2022.03.03"]
[Round "4.126"]
[White "Mathew, Aidan"]
[WhiteElo "1154"]
[WhiteTeam "Uxbridge D"]
[Black "Szajman, Benjamin"]
[BlackElo "790"]
[BlackTeam "Edgware Gambits I"]
[Result "1-0"]
[PlyCount "31"]

1. d4 d5 2. Bf4 Nc6 3. e3 Nf6 4. Bd3 e6 5. Nf3 Bb4+ 6. c3 Ba5 7. b4 Bb6 8. Bb5 O-O 9. O-O a6 10. Ba4 e5 11. Bxe5 Nxe5 12. dxe5 Bg4 13. exf6 Qxf6 14. Bc2 Qe7 15. Qd3 Bxf3 16. Qxh7# 1-0

[Event "Junior Online 4NCL Division 4"]
[Site "online"]
[Date "2022.03.03"]
[EventDate "2022.03.03"]
[Round "4.127"]
[White "Iyer, Pranav"]
[WhiteElo "700"]
[WhiteTeam "Edgware Gambits I"]
[Black "Sharma, Aryan"]
[BlackElo "1140"]
[BlackTeam "Uxbridge D"]
[Result "1/2-1/2"]
[PlyCount "110"]

1. e4 e5 2. Nf3 Nc6 3. d4 exd4 4. Nxd4 Bc5 5. Be3 Nf6 6. c3 Nxd4 7. cxd4 Bb4+ 8. Nc3 Nxe4 9. Qc2 Nxc3 10. bxc3 Be7 11. Rb1 O-O 12. Bd3 h6 13. O-O d5 14. Rfe1 Bg5 15. Qe2 Re8 16. f4 Bxf4 17. Qf3 Bxe3+ 18. Rxe3 Rxe3 19. Qxe3 Be6 20. Rxb7 a5 21. Rb2 Qg5 22. Qxg5 hxg5 23. Rf2 f6 24. Bg6 Kf8 25. Bf5 Bxf5 26. Rxf5 Rb8 27. Rxd5 Rb1+ 28. Kf2 Rb2+ 29. Ke3 Rxa2 30. Rd8+ Ke7 31. Rg8 Rxg2 32. Rxg7+ Ke6 33. Rxc7 Rxh2 34. Rc6+ Kd5 35. Rc5+ Kd6 36. Rxa5 Rh3+ 37. Kf2 Rxc3 38. d5 Rc5 39. Ra6+ Kxd5 40. Rxf6 Ke4 41. Re6+ Kf5 42. Re3 Rc4 43. Rf3+ Rf4 44. Rxf4+ Kxf4 45. Kg2 g4 46. Kf2 Kg5 47. Kg3 Kh5 48. Kg2 Kh4 49. Kh2 g3+ 50. Kg2 Kg4 51. Kg1 Kf4 52. Kg2 Kg4 53. Kg1 Kf3 54. Kf1 g2+ 55. Kg1 Kg3 1/2-1/2

[Event "Junior Online 4NCL Division 4"]
[Site "online"]
[Date "2022.03.03"]
[EventDate "2022.03.03"]
[Round "4.128"]
[White "Pandian, Naren"]
[WhiteElo "1003"]
[WhiteTeam "Uxbridge D"]
[Black "Iyer, Rishabh"]
[BlackElo "700"]
[BlackTeam "Edgware Gambits I"]
[Result "1-0"]
[PlyCount "123"]

1. e4 e5 2. d4 exd4 3. Qxd4 Bd6 4. Nf3 Nc6 5. Qd5 Nf6 6. Qd3 b6 7. Nc3 Bb7 8. Nd5 Nxd5 9. exd5 Nb4 10. Qc3 Bxd5 11. Bd3 Qe7+ 12. Be3 f6 13. O-O-O O-O 14. Kd2 Nc6 15. b3 Bb4 16. Qxb4 Qxb4+ 17. Kc1 Na5 18. Bd2 Nc4 19. Bxb4 Nd6 20. Bxh7+ Kxh7 21. Rxd5 c6 22. Rxd6 Rfe8 23. Rxd7 c5 24. Bc3 Kg6 25. h4 Rad8 26. Rxa7 Ra8 27. Rxa8 Rxa8 28. Kb2 Kf7 29. h5 Rh8 30. a4 Rg8 31. g4 g6 32. h6 Rh8 33. h7 Kg7 34. g5 Rxh7 35. Bxf6+ Kg8 36. Rxh7 Kxh7 37. c4 Kg8 38. b4 Kf7 39. bxc5 bxc5 40. a5 Ke6 41. a6 Kd7 42. a7 Kc7 43. a8=Q Kd7 44. Bd4 Ke6 45. Be5 Kf5 46. Nd4+ Kxe5 47. Ne6 Kxe6 48. f4 Kf5 49. Qf8+ Kg4 50. Qxc5 Kxf4 51. Qd5 Kg4 52. Qd6 Kxg5 53. c5 Kh6 54. c6 Kh5 55. c7 g5 56. c8=Q g4 57. Qh8+ Kg5 58. Qhh6+ Kf5 59. Qhf6+ Ke4 60. Qde5+ Kd3 61. Qfd6+ Kc4 62. Qec5# 1-0

[Event "Junior Online 4NCL Division 4"]
[Site "online"]
[Date "2022.03.03"]
[EventDate "2022.03.03"]
[Round "4.131"]
[White "Cole, Ted"]
[WhiteElo "850"]
[WhiteTeam "Surrey Kings 5"]
[Black "Ogilvie, Leo"]
[BlackElo "808"]
[BlackTeam "Manchester Check Mates"]
[Result "1-0"]
[PlyCount "89"]

1. e4 e5 2. Nf3 Nf6 3. Nc3 Nc6 4. Bc4 Bb4 5. Ng5 O-O 6. O-O Bxc3 7. dxc3 d6 8. Be3 Be6 9. Bxe6 fxe6 10. Nxe6 Qe7 11. Nxf8 Rxf8 12. Bg5 h6 13. Bxf6 Qxf6 14. Qe2 Qg6 15. b4 Rf4 16. f3 Rf6 17. b5 Na5 18. Qe3 Qg5 19. Qxa7 Rg6 20. Rf2 Qe3 21. Qxe3 Nc4 22. Qa7 Ne3 23. Qxe3 c5 24. b6 d5 25. exd5 Rxb6 26. Qxe5 c4 27. d6 Kf7 28. d7 Re6 29. Qd5 Kf6 30. d8=Q+ Re7 31. Qxe7+ Kxe7 32. a4 g5 33. Qxb7+ Ke6 34. Qb5 g4 35. fxg4 h5 36. Qxh5 Kd6 37. a5 Kc6 38. Qh6+ Kb5 39. a6 Kc5 40. a7 Kd5 41. a8=Q+ Kc5 42. Qg5+ Kd6 43. Qa6+ Kc7 44. Qg7+ Kb8 45. Qgb7# 1-0

[Event "Junior Online 4NCL Division 4"]
[Site "online"]
[Date "2022.03.03"]
[EventDate "2022.03.03"]
[Round "4.132"]
[White "Al-azami, Hana"]
[WhiteElo "742"]
[WhiteTeam "Manchester Check Mates"]
[Black "Klijnstra, Olivier"]
[BlackElo "875"]
[BlackTeam "Surrey Kings 5"]
[Result "0-1"]
[PlyCount "78"]

1. e4 e5 2. Nf3 Nf6 3. Nxe5 Nxe4 4. Qe2 Qh4 5. d3 Nxf2 6. Nf3+ Qe7 7. Ne5 Nxh1 8. Qd1 Qxe5+ 9. Qe2 Qxe2+ 10. Bxe2 d5 11. Nc3 c6 12. d4 Bb4 13. Bf4 Bxc3+ 14. bxc3 Nd7 15. O-O-O Nf2 16. Rf1 Ne4 17. Bf3 Nxc3 18. Re1+ Kd8 19. Bg5+ f6 20. Bf4 Nxa2+ 21. Kd1 g5 22. Bd6 Nb6 23. Re7 Nc4 24. Bc5 b6 25. Bb4 Nxb4 26. Bh5 Kxe7 27. c3 Nb2+ 28. Kd2 Nc4+ 29. Kc1 Nd3+ 30. Kc2 Nf4 31. Bd1 Ne3+ 32. Kd2 Nxd1 33. Kxd1 a5 34. g3 a4 35. gxf4 a3 36. Kc1 a2 37. Kb2 a1=Q+ 38. Kb3 Ra2 39. fxg5 Qb2# 0-1

[Event "Junior Online 4NCL Division 4"]
[Site "online"]
[Date "2022.03.03"]
[EventDate "2022.03.03"]
[Round "4.133"]
[White "Flanders, William"]
[WhiteElo "835"]
[WhiteTeam "Surrey Kings 5"]
[Black "Hill, Thomas"]
[BlackElo "800"]
[BlackTeam "Manchester Check Mates"]
[Result "1-0"]
[PlyCount "21"]

1. e4 e5 2. Nf3 Bc5 3. Bc4 c6 4. Nxe5 b5 5. Nxf7 Qe7 6. Bb3 d5 7. Nxh8 Qf6 8. exd5 cxd5 9. Bxd5 Nc6 10. O-O Nd8 11. Bxa8 1-0

[Event "Junior Online 4NCL Division 4"]
[Site "online"]
[Date "2022.03.03"]
[EventDate "2022.03.03"]
[Round "4.134"]
[White "Lee, Jadon"]
[WhiteElo "800"]
[WhiteTeam "Manchester Check Mates"]
[Black "Kim, Ian"]
[BlackElo "400"]
[BlackTeam "Surrey Kings 5"]
[Result "0-1"]
[PlyCount "136"]

1. e4 e5 2. d3 d6 3. f3 Nd7 4. c3 Ne7 5. g3 f6 6. h3 h5 7. g4 g6 8. gxh5 gxh5 9. Ne2 Bg7 10. Ng3 Kf7 11. f4 exf4 12. Bxf4 b5 13. Nxh5 Rxh5 14. Qxh5+ Ng6 15. Qd1 Nxf4 16. Kf2 Ne5 17. Kg3 Bh6 18. d4 Ned3 19. Bxd3 Ba6 20. Bf1 c5 21. dxc5 dxc5 22. h4 Qxd1 23. a3 Qd8 24. a4 bxa4 25. Rxa4 Bb5 26. Ra3 Bxf1 27. Rxf1 Qb8 28. Kg4 Qc8+ 29. Kf3 Rb8 30. Rxa7+ Rb7 31. Rxb7+ Qxb7 32. Kg4 Qxe4 33. Nd2 Qb7 34. Nf3 Qxb2 35. Re1 Qxc3 36. Rb1 Nd5 37. Rb7+ Ne7 38. Rb8 c4 39. Rh8 Bc1 40. Rh7+ Ke6 41. Ng5+ fxg5 42. hxg5 Qc2 43. Rh6+ Kf7 44. Rh7+ Ke6 45. Rh6+ Kd7 46. Ra6 Qb3 47. Ra7+ Ke6 48. Kh5 Qb5 49. Kh6 Bxg5+ 50. Kg7 Nc6 51. Rf7 Qd5 52. Kg6 Nd8 53. Rf6+ Kd7 54. Rf5 Qd2 55. Rxg5 Ne6 56. Re5 Qd3+ 57. Kf6 Qf3+ 58. Rf5 Qc3+ 59. Re5 Kd6 60. Kf5 Qxe5+ 61. Kg4 Qf5+ 62. Kxf5 c3 63. Ke4 c2 64. Kd3 c1=Q 65. Ke4 Qc2+ 66. Kf3 Qc3+ 67. Kg4 Qe3 68. Kh5 Qg5# 0-1

[Event "Junior Online 4NCL Division 4"]
[Site "online"]
[Date "2022.03.03"]
[EventDate "2022.03.03"]
[Round "4.135"]
[White "Ogilvie, Leo"]
[WhiteElo "808"]
[WhiteTeam "Manchester Check Mates"]
[Black "Cole, Ted"]
[BlackElo "850"]
[BlackTeam "Surrey Kings 5"]
[Result "1-0"]
[PlyCount "95"]

1. e4 e5 2. Nf3 Nf6 3. Nc3 Bc5 4. Bb5 Ng4 5. O-O Nc6 6. Bxc6 bxc6 7. d4 Bb4 8. Nxe5 Nxe5 9. dxe5 Ba6 10. Re1 O-O 11. a3 Bxc3 12. bxc3 Bb7 13. f4 c5 14. g4 d6 15. Be3 Bxe4 16. Bxc5 dxc5 17. Rxe4 Qh4 18. Qf3 f6 19. g5 fxg5 20. fxg5 Rxf3 21. Rxh4 Re8 22. Re4 Rxc3 23. Ra2 Rd8 24. e6 Kf8 25. e7+ Ke8 26. exd8=Q+ Kxd8 27. h4 g6 28. Kf2 Kd7 29. Re2 Kd6 30. Rd2+ Ke5 31. Re2+ Kd4 32. Re7 Rc4 33. Rxh7 Kc3 34. Rg7 Rxh4 35. Rxg6 Kd4 36. Kg3 Re4 37. Rf6 Ke5 38. c4 Rxc4 39. Re2+ Kd5 40. g6 Rc3+ 41. Kf4 Rxa3 42. g7 Ra4+ 43. Kf5 c4 44. g8=Q+ Kd4 45. Qg4+ Kd3 46. Qf3+ Kd4 47. Qe3+ Kd5 48. Qe5# 1-0

[Event "Junior Online 4NCL Division 4"]
[Site "online"]
[Date "2022.03.03"]
[EventDate "2022.03.03"]
[Round "4.136"]
[White "Klijnstra, Olivier"]
[WhiteElo "875"]
[WhiteTeam "Surrey Kings 5"]
[Black "Al-azami, Hana"]
[BlackElo "742"]
[BlackTeam "Manchester Check Mates"]
[Result "1-0"]
[PlyCount "35"]

1. e4 e5 2. Nf3 Nf6 3. Nc3 Nc6 4. Nd5 Nxd5 5. exd5 Nb4 6. Nxe5 Nxd5 7. Nc6 d6 8. Qe2+ Be7 9. Nxd8 O-O 10. Nxf7 Rxf7 11. Qh5 Nf4 12. Qf3 Bf5 13. d4 Bxc2 14. Bc4 Nd3+ 15. Kd2 Bg5+ 16. Kxc2 Nxc1 17. Qxf7+ Kh8 18. Re1 1-0

[Event "Junior Online 4NCL Division 4"]
[Site "online"]
[Date "2022.03.03"]
[EventDate "2022.03.03"]
[Round "4.137"]
[White "Hill, Thomas"]
[WhiteElo "800"]
[WhiteTeam "Manchester Check Mates"]
[Black "Flanders, William"]
[BlackElo "835"]
[BlackTeam "Surrey Kings 5"]
[Result "0-1"]
[PlyCount "52"]

1. d4 d5 2. Bf4 Nc6 3. Nf3 Bf5 4. e3 Nb4 5. Bd3 Bxd3 6. cxd3 e6 7. a3 Nc6 8. Ne5 Nxe5 9. Bxe5 Bd6 10. Bxd6 Qxd6 11. e4 Nf6 12. e5 Qb6 13. exf6 Qxd4 14. Qh5 Qxb2 15. Qe2 Qxa1 16. fxg7 Qxb1+ 17. Qd1 Qxd1+ 18. Kxd1 O-O-O 19. Ke2 Rhg8 20. Rc1 Rxg7 21. Kf1 h5 22. h3 h4 23. g3 hxg3 24. fxg3 Rxg3 25. Kf2 Rdg8 26. Rg1 Rxg1 0-1

[Event "Junior Online 4NCL Division 4"]
[Site "online"]
[Date "2022.03.03"]
[EventDate "2022.03.03"]
[Round "4.138"]
[White "Kim, Ian"]
[WhiteElo "400"]
[WhiteTeam "Surrey Kings 5"]
[Black "Lee, Jadon"]
[BlackElo "800"]
[BlackTeam "Manchester Check Mates"]
[Result "1/2-1/2"]
[PlyCount "213"]

1. e4 e6 2. f3 e5 3. c3 d6 4. d4 exd4 5. cxd4 f6 6. Nd2 a6 7. Ne2 b5 8. b3 Bd7 9. Ba3 Nc6 10. g4 Na5 11. b4 Be7 12. bxa5 Be6 13. d5 Bd7 14. Nc3 Nh6 15. Bh3 Qc8 16. O-O O-O 17. Qc2 f5 18. gxf5 Bh4 19. Rfe1 Bxe1 20. Rxe1 Qe8 21. Kg2 Qg6+ 22. fxg6 hxg6 23. Be6+ Kh7 24. Bxd7 Rad8 25. Bg4 Nxg4 26. fxg4 Rf4 27. Rf1 Rxf1 28. Kxf1 Rf8+ 29. Ke2 Rf4 30. Ke3 Rxg4 31. Nf1 Rg1 32. Qe2 Rh1 33. Qg2 b4 34. Bxb4 Rxf1 35. Qxf1 g5 36. Qh3+ Kg6 37. Qf5+ Kh5 38. Na4 Kh4 39. Qf4+ Kh3 40. Qf3+ Kxh2 41. Qf2+ Kh3 42. Qf3+ Kh4 43. Qf4+ gxf4+ 44. Kxf4 g5+ 45. Kf3 g4+ 46. Kf2 g3+ 47. Kg2 Kg4 48. Nc3 Kf4 49. Ne2+ Kxe4 50. Nc3+ Kd3 51. a4 Ke3 52. Kxg3 Kd3 53. Nd1 Kc4 54. Bd2 Kxd5 55. Ne3+ Kd4 56. Kf4 Kd3 57. Bb4 Kd4 58. Be1 Kd3 59. Bh4 c6 60. Be7 d5 61. Bc5 Kc3 62. Ke5 Kd3 63. Kd6 Kc3 64. Kxc6 Kb3 65. Kxd5 Kxa4 66. Bb6 Kb5 67. Bd8 Ka4 68. Nc4 Kb4 69. Nb6 Kxa5 70. Nd7+ Kb5 71. Nb8 a5 72. Nd7 a4 73. Be7 Ka6 74. Nb8+ Kb7 75. Nd7 Kc7 76. Nf8 Kb6 77. Ba3 Kb5 78. Kd4 Ka5 79. Kc3 Kb5 80. Ne6 Kc6 81. Nd4+ Kd5 82. Nb5 Kc6 83. Nd4+ Kb6 84. Kb4 Kc7 85. Kxa4 Kb6 86. Kb4 Kc7 87. Nb5+ Kb6 88. Bc1 Kc6 89. Be3 Kd5 90. Nc3+ Ke5 91. Bc5 Kf4 92. Bd6+ Kf5 93. Ne2 Kf6 94. Nf4 Kf5 95. Kc4 Ke4 96. Kc5 Kf3 97. Kd4 Kg4 98. Ke4 Kg5 99. Be7+ Kh6 100. Kf5 Kg7 101. Ne6+ Kf7 102. Bh4 Kg8 103. Bf6 Kf7 104. Nd8+ Ke8 105. Ke6 Kf8 106. Be7+ Ke8 107. Nc6 1/2-1/2

[Event "Junior Online 4NCL Division 4"]
[Site "online"]
[Date "2022.03.03"]
[EventDate "2022.03.03"]
[Round "4.141"]
[White "Lewis, Tom"]
[WhiteElo "900"]
[WhiteTeam "Edgware Gambits H"]
[Black "Tanisetty, Hemesh"]
[BlackElo "1000"]
[BlackTeam "Uxbridge E"]
[Result "0-1"]
[PlyCount "112"]

1. e4 e5 2. Nf3 Nc6 3. Nc3 Nf6 4. Bb5 a6 5. Bxc6 bxc6 6. d3 Rb8 7. O-O d5 8. Bg5 Rxb2 9. Rb1 Rxb1 10. Qxb1 Bd6 11. Bxf6 Qxf6 12. Qb8 O-O 13. exd5 Bg4 14. Ne4 Qe7 15. Qb1 Bxf3 16. Nxd6 cxd6 17. gxf3 cxd5 18. Qc1 f5 19. Re1 Re8 20. f4 e4 21. d4 h6 22. f3 g5 23. fxg5 hxg5 24. Kh1 f4 25. h4 Kf7 26. Rg1 Rg8 27. hxg5 Rxg5 28. Qxf4+ Kg6 29. Rxg5+ Qxg5 30. Qxg5+ Kxg5 31. fxe4 dxe4 32. Kg1 Kf4 33. Kf2 d5 34. a4 e3+ 35. Ke2 Ke4 36. c3 Kf4 37. c4 dxc4 38. Kd1 Kf3 39. d5 Kf2 40. d6 e2+ 41. Kc2 e1=Q 42. d7 Qe4+ 43. Kc3 Qd5 44. Kb4 Qxd7 45. a5 Qb5+ 46. Kc3 Qxa5+ 47. Kxc4 Qb6 48. Kd5 a5 49. Kc4 a4 50. Kc3 a3 51. Kc4 a2 52. Kd5 a1=Q 53. Kc4 Qc6+ 54. Kd3 Qe1 55. Kd4 Qce6 56. Kc5 Qd1 0-1

[Event "Junior Online 4NCL Division 4"]
[Site "online"]
[Date "2022.03.03"]
[EventDate "2022.03.03"]
[Round "4.142"]
[White "Nargund, Sujan"]
[WhiteElo "984"]
[WhiteTeam "Uxbridge E"]
[Black "Magnus, Michael"]
[BlackElo "800"]
[BlackTeam "Edgware Gambits H"]
[Result "1-0"]
[PlyCount "89"]

1. e4 e5 2. Nf3 Nc6 3. Bc4 Nf6 4. d3 Bc5 5. O-O d6 6. h3 O-O 7. Bg5 h6 8. Bh4 Bb6 9. Nc3 Nb8 10. Nd5 Nbd7 11. d4 Qe8 12. Nxf6+ Nxf6 13. Bxf6 gxf6 14. dxe5 dxe5 15. Nh4 Qa4 16. b3 Qd7 17. Qh5 Qd4 18. Qxh6 Qxe4 19. Qxf6 Qh7 20. Nf3 a6 21. Qxe5 Qxc2 22. Qg5+ Kh7 23. Qh5+ Kg7 24. Ne5 Qf5 25. Qxf5 Bxf5 26. Rad1 Kf6 27. Nf3 Rfe8 28. g4 Be4 29. Nd2 Bc2 30. Rc1 Bg6 31. Kg2 Bd4 32. Rfe1 Rxe1 33. Rxe1 Bc3 34. Re2 Bxd2 35. Rxd2 Rb8 36. Rd7 Kg5 37. Rxc7 Kf6 38. Rd7 Ke5 39. Bxf7 Bxf7 40. Rxf7 Rg8 41. Kg3 Ke6 42. Rxb7 Kf6 43. Rb6+ Kg5 44. Rxa6 Rc8 45. f4# 1-0

[Event "Junior Online 4NCL Division 4"]
[Site "online"]
[Date "2022.03.03"]
[EventDate "2022.03.03"]
[Round "4.143"]
[White "Kaul-Green, Axel"]
[WhiteElo "800"]
[WhiteTeam "Edgware Gambits H"]
[Black "Tanisetty, Mithul"]
[BlackElo "1000"]
[BlackTeam "Uxbridge E"]
[Result "1-0"]
[PlyCount "51"]

1. e4 e5 2. Nf3 Bc5 3. Nc3 d5 4. exd5 f5 5. Nxe5 Nf6 6. Bc4 Bd4 7. d6 Bxe5 8. dxc7 Qxc7 9. O-O Qxc4 10. Re1 O-O 11. Rxe5 Re8 12. Rxe8+ Nxe8 13. Qe1 Bd7 14. d3 Qf7 15. Bf4 Nc6 16. Qf1 Nd4 17. Rc1 Ne6 18. Bg3 Nd4 19. Be5 Ne6 20. d4 a6 21. d5 Bb5 22. Nxb5 axb5 23. dxe6 Qxe6 24. Qxb5 Qxe5 25. Qxe5 Rxa2 26. Qxe8# 1-0

[Event "Junior Online 4NCL Division 4"]
[Site "online"]
[Date "2022.03.03"]
[EventDate "2022.03.03"]
[Round "4.144"]
[White "Binny, Arjun"]
[WhiteElo "936"]
[WhiteTeam "Uxbridge E"]
[Black "Radia, Kayan"]
[BlackElo "800"]
[BlackTeam "Edgware Gambits H"]
[Result "1-0"]
[PlyCount "31"]

1. e4 e5 2. Nf3 Nc6 3. Nc3 Nf6 4. Bc4 d6 5. Ng5 Be7 6. Nxf7 Qd7 7. Nxh8 Na5 8. Bf7+ Kf8 9. O-O b6 10. Nd5 Bb7 11. c3 Nc4 12. d3 Na5 13. d4 exd4 14. cxd4 Nxd5 15. exd5 g6 16. Bh6# 1-0

[Event "Junior Online 4NCL Division 4"]
[Site "online"]
[Date "2022.03.03"]
[EventDate "2022.03.03"]
[Round "4.145"]
[White "Tanisetty, Hemesh"]
[WhiteElo "1000"]
[WhiteTeam "Uxbridge E"]
[Black "Lewis, Tom"]
[BlackElo "900"]
[BlackTeam "Edgware Gambits H"]
[Result "1-0"]
[PlyCount "51"]

1. e4 e5 2. Nf3 Nc6 3. Nc3 Nf6 4. Bc4 Be7 5. O-O O-O 6. Re1 Bc5 7. d3 Ng4 8. Be3 Bxe3 9. fxe3 Qf6 10. h3 Nh6 11. Nd5 Qe6 12. Nxc7 Qd6 13. Nxa8 Qb8 14. d4 Qxa8 15. d5 Ne7 16. Nxe5 f6 17. d6+ Nf7 18. Bxf7+ Rxf7 19. Nxf7 Kxf7 20. dxe7 Kxe7 21. e5 fxe5 22. Qh5 b5 23. Qxe5+ Kd8 24. Qxb5 Bb7 25. Rad1 Qb8 26. Qxd7# 1-0

[Event "Junior Online 4NCL Division 4"]
[Site "online"]
[Date "2022.03.03"]
[EventDate "2022.03.03"]
[Round "4.146"]
[White "Magnus, Michael"]
[WhiteElo "800"]
[WhiteTeam "Edgware Gambits H"]
[Black "Nargund, Sujan"]
[BlackElo "984"]
[BlackTeam "Uxbridge E"]
[Result "0-1"]
[PlyCount "46"]

1. e4 c5 2. c3 Nc6 3. Nf3 g6 4. c4 Bg7 5. Bd3 d6 6. O-O Nf6 7. Nc3 O-O 8. Nd5 e6 9. Nxf6+ Bxf6 10. e5 Nxe5 11. Nxe5 Bxe5 12. Be4 d5 13. cxd5 exd5 14. Bd3 c4 15. Re1 Bg7 16. Bc2 d4 17. Ba4 a6 18. d3 b5 19. dxc4 bxa4 20. Bf4 d3 21. Re3 Bf5 22. Rc1 Bxb2 23. Rb1 Bg7 0-1

[Event "Junior Online 4NCL Division 4"]
[Site "online"]
[Date "2022.03.03"]
[EventDate "2022.03.03"]
[Round "4.147"]
[White "Tanisetty, Mithul"]
[WhiteElo "1000"]
[WhiteTeam "Uxbridge E"]
[Black "Kaul-Green, Axel"]
[BlackElo "800"]
[BlackTeam "Edgware Gambits H"]
[Result "0-1"]
[PlyCount "62"]

1. e4 e5 2. Nf3 Nc6 3. Nc3 Nf6 4. Bc4 Nxe4 5. Nxe4 d5 6. d3 dxc4 7. dxc4 Qxd1+ 8. Kxd1 Bg4 9. Nc5 Bxc5 10. Ke1 Bxf3 11. gxf3 Nd4 12. c3 Nxf3+ 13. Kd1 Ng5 14. b4 Bxf2 15. Rf1 Ne4 16. Bg5 O-O 17. Be7 Rfe8 18. Rxf2 Nxf2+ 19. Ke1 Nd3+ 20. Kd2 Rxe7 21. Kxd3 e4+ 22. Kd4 e3 23. Re1 e2 24. c5 Rd8+ 25. Kc4 Rd1 26. Rxe2 Rxe2 27. b5 Rxa2 28. Kb4 Rxh2 29. Ka5 Rh5 30. b6 cxb6+ 31. Kb4 bxc5+ 0-1

[Event "Junior Online 4NCL Division 4"]
[Site "online"]
[Date "2022.03.03"]
[EventDate "2022.03.03"]
[Round "4.148"]
[White "Radia, Kayan"]
[WhiteElo "800"]
[WhiteTeam "Edgware Gambits H"]
[Black "Binny, Arjun"]
[BlackElo "936"]
[BlackTeam "Uxbridge E"]
[Result "0-1"]
[PlyCount "60"]

1. e4 e5 2. Nf3 Nc6 3. Bb5 a6 4. Ba4 Nf6 5. O-O Nxe4 6. d3 b5 7. Bb3 Nf6 8. a3 d5 9. Bg5 Bg4 10. h3 Bxf3 11. Qxf3 Nd4 12. Qd1 e4 13. dxe4 dxe4 14. Nc3 e3 15. fxe3 Nxb3 16. cxb3 Qxd1 17. Raxd1 Bc5 18. Rde1 O-O 19. Bxf6 gxf6 20. Rf5 b4 21. axb4 Bxb4 22. Na2 Bxe1 23. Rf1 Ba5 24. Rf5 Rad8 25. Rg5+ Kh8 26. Rg3 Rd1+ 27. Kh2 c5 28. Rf3 Bc7+ 29. Rg3 Rg8 30. b4 Bxg3# 0-1

[Event "Junior Online 4NCL Division 4"]
[Site "online"]
[Date "2022.03.03"]
[EventDate "2022.03.03"]
[Round "4.151"]
[White "Szajman, Noah"]
[WhiteElo "714"]
[WhiteTeam "Edgware Gambits J"]
[Black "Sethia, Aditey"]
[BlackElo "1207"]
[BlackTeam "The Hall 3"]
[Result "0-1"]
[PlyCount "44"]

1. e4 e6 2. d4 d5 3. exd5 exd5 4. Nc3 Nf6 5. Nf3 Bb4 6. Bd2 Ne4 7. Nxe4 Bxd2+ 8. Qxd2 dxe4 9. Ne5 Nd7 10. Nxd7 Bxd7 11. Be2 Qe7 12. O-O O-O-O 13. f3 e3 14. Qd3 Qg5 15. Qxe3 Qxe3+ 16. Rf2 Rhe8 17. Re1 Re6 18. d5 Rg6 19. h3 Bxh3 20. Kh2 Qxf2 21. Kxh3 Qxe1 22. Bd3 Qg3# 0-1